000 01518cam a2200373Ia 4500
001 9780203085547
003 BD-DhSAU
005 20151012151717.0
006 a|||||s|||||||||||
007 cr||||
008 130729s2013 nyuabd sb 001 0 eng d
020 _a9780203085547 (e-book : PDF)
040 _aBD-DhSAU
_cBD-DhSAU
090 _aHC79.T4
_bI54659 2013
092 _a303.483
_bI584
245 0 0 _aInnovation in socio-cultural context
_h[electronic resource] /
_cedited by Frane Adam and Hans Westlund.
260 _aNew York :
_bRoutledge,
_c2013.
300 _aviii, 221 p. :
_bill., map.
490 1 _aRoutledge advances in sociology ;
_v84
504 _aIncludes bibliographical references and index.
505 0 _apt. 1. The cultural and cognitive framework of innovation -- pt. 2. Innovation and social capital : a reconsideration of conceptual and methodological dilemmas -- pt. 3. Case studies.
530 _aAlso available in print edition.
538 _aMode of access: World Wide Web.
650 0 _aTechnological innovation
_xEconomic aspects.
650 0 _aTechnological innovation
_xSocial aspects.
650 0 _aDiffusion of innovations
_xEconomic aspects.
650 0 _aDiffusion of innovations
_xSocial aspects.
655 7 _aElectronic books.
_2lcsh
700 1 _aAdam, Frane.
700 1 _aWestlund, Hans.
776 1 _z9780415636223 (hardback)
830 0 _aRoutledge advances in sociology ;
_v84.
856 4 0 _uhttp://www.tandfebooks.com/isbn/9780203085547
999 _c12271
_d12270